000 00677nam a2200253Ia 4500
003 GCL
008 140319s9999 xx 000 0 eng d
020 _a5050015189
040 _aGCL /
_cGCL
082 0 4 _a813.01
_bJ A
100 1 _aSTEINBECK, JOHN
245 1 0 _aAMERICAN SHORT NOVELS /
_cSTEINBECK, JOHN
700 1 _aJONES, JAMES
700 1 _aPRICE, REYNOLDS
700 1 _aUNDIKE, JOHN
260 _aروسيا :
_bRADUGA PUBLISHERS ،
_c1987
300 _a20 CM ؛
_c495 P
650 0 4 _aLITERATURE
650 0 4 _aSHORT STORIES
650 0 4 _aAMERICAN LITERATURE
650 0 4 _aSHORT STORIES, AMERICA
650 0 4 _aADVENTURE STORIES - AMERICA
942 _2ddc
_cBK
999 _c3223
_d3223